00722nam a22002297a 45000010005000000030009000050050017000140070005000310080034000360200015000700400022000850820026001071000029001332450139001622460016003012600042003173000023003594900029003826500020004117000026004317000035004575820DO-SdBNP20231011124334.05820931122s1993 sp | |||| ||spa  a8437611954 aBPMSUbspacBPMSU 4a823.88bE42M 19932221 aEliot, Georged1819-188010aMiddlemarch : bun estudio de la vida de provincias /cGeorge Eliot ; edición de Pilar Hidalgo ; traducción de Mª Engracia Pujals13aMiddlemarch aMadrid : bEdiciones Cátedra,c1993 a954 p. ;c20 cmb 0 aLetras universales,v191 4aNovela inglesa.1 aHidalgo, Pilareedd 1 aPujals, María Engraciaetr.